| 000 | 00739nam a2200229 a 4500 | ||
|---|---|---|---|
| 005 | 20210223130649.0 | ||
| 008 | 080930s1979 mx r 000 0 spa d | ||
| 035 | _aUPN01000161550 | ||
| 049 | _aUNE | ||
| 080 | _a372.3 (100) =20 SUB No.10. | ||
| 100 | 1 | _aSubaran, Ida | |
| 245 | 1 | 0 |
_aTowards a national early childhood policy : _ba discussion paper / _cIda Subaran. |
| 260 |
_aParis : _bUNESCO; _aNew York : _bNew York : _aRome : _bWFP, _c1979. |
||
| 300 | _a8 p. | ||
| 440 | 0 |
_aNotes, Comments...; _v10. |
|
| 690 | _aEducacion preescolar- Primera infancia | ||
| 690 | _aPrimera infancia- Educacion preescolar | ||
| 710 | 2 | _aUNESCO | |
| 710 | 2 |
_aUNICEF _924085 |
|
| 710 | 2 | _aWFP. Programa de Alimentación Mundial | |
| 905 | _aUNESCO | ||
| 999 |
_c133663 _d133663 |
||